| 000 | 01868nam a2200397 a 4500 | ||
|---|---|---|---|
| 001 | ebr10210271 | ||
| 003 | CaPaEBR | ||
| 006 | m u | ||
| 007 | cr cn||||||||| | ||
| 008 | 060620s2007 ctua sb 001 0 eng | ||
| 010 | _z 2006020410 | ||
| 015 |
_aGBA700466 _2bnb |
||
| 016 | 7 |
_z013633778 _2Uk |
|
| 020 | _z0300117620 | ||
| 020 | _z9780300117622 | ||
| 040 |
_aCaPaEBR _cCaPaEBR |
||
| 035 | _a(OCoLC)191734323 | ||
| 050 | 1 | 4 |
_aPN212 _b.D68 2007eb |
| 082 | 0 | 4 |
_a808 _222 |
| 100 | 1 |
_aDouglas, Mary, _d1921-2007. |
|
| 245 | 1 | 0 |
_aThinking in circles _h[electronic resource] : _ban essay on ring composition / _cMary Douglas. |
| 260 |
_aNew Haven : _bYale University Press, _cc2007. |
||
| 300 |
_axv, 169 p. : _bill. |
||
| 490 | 1 | _aTerry lecture series | |
| 504 | _aIncludes bibliographical references and index. | ||
| 505 | 0 | _aAncient rings worldwide -- Modes and genres -- How to construct and recognize a ring -- Alternating bands : numbers -- The central place : numbers -- Modern, not-quite rings -- Tristram Shandy : testing for ring shape -- Two central places, two rings : the Iliad -- Alternating nights and days : the Iliad -- The ending : how to complete a ring -- The latch : Jakobson's conundrum. | |
| 533 |
_aElectronic reproduction. _bPalo Alto, Calif. : _cebrary, _d2013. _nAvailable via World Wide Web. _nAccess may be limited to ebrary affiliated libraries. |
||
| 600 | 0 | 0 |
_aHomer. _tIliad. |
| 600 | 1 | 0 |
_aSterne, Laurence, _d1713-1768. _tLife and opinions of Tristram Shandy, gentleman. |
| 630 | 0 | 0 |
_aBible. _pO.T. _pNumbers _xCriticism, interpretation, etc. |
| 650 | 0 | _aNarration (Rhetoric) | |
| 655 | 7 |
_aElectronic books. _2local |
|
| 710 | 2 | _aebrary, Inc. | |
| 830 | 0 | _aTerry lectures. | |
| 856 | 4 | 0 |
_uhttp://site.ebrary.com/lib/rucke/Doc?id=10210271 _zAn electronic book accessible through the World Wide Web; click to view |
| 999 |
_c227142 _d227142 |
||